[Event "CAN-ch U20"]
[Site "Calgary"]
[Date "2004.01.04"]
[Round "5"]
[White "Hutchison, Jason"]
[Black "Baser, Arthur"]
[Result "1-0"]
[WhiteElo "1368"]
[BlackElo "1325"]
[PlyCount "103"]
[EventDate "2004.01.??"]
[EventType "swiss"]
[EventRounds "9"]
[EventCountry "CAN"]
[SourceTitle "EXT 2005"]
[Source "ChessBase"]
[SourceDate "2004.11.15"]
[SourceVersion "1"]
[SourceVersionDate "2004.11.15"]
[SourceQuality "1"]

1. e4 c5 2. Nf3 e6 3. d4 cxd4 4. Nxd4 a6 5. Nc3 Nf6 6. Bg5 Be7 7. f4 d6 8. e5 dxe5 9. fxe5 Nd5 10. Bxe7 Nxe7 11. Nf3 0-0 12. Qd3 b5 13. 0-0-0 Qa5 14. Ng5 Ng6 15. h4 Re8 16. h5 Nf8 17. Be2 h6 18. Qf3 Ra7 19. Nge4 Rc7 20. Qg3 Kh8 21. Rhf1 Nc6 22. Nd6 Ree7 23. Rf2 b4 24. Nce4 Qxe5 25. Qxe5 Nxe5 26. g4 Bb7 27. Nxb7 Rxb7 28. Bxa6 Nxg4 29. Bxb7 Nxf2 30. Rd8 Kg8 31. Rb8 Nh3 32. Ba6 f5 33. Rxb4 fxe4 34. Rxe4 Rd7 35. b4 Ng5 36. Re3 Ra7 37. Bc4 Rb7 38. Rb3 Nd7 39. a4 Kf8 40. Ba6 Rb6 41. Bb5 Ke7 42. c4 Nf7 43. Rd3 Nd6 44. c5 Nxb5 45. cxb6 Nd6 46. a5 Nc4 47. b7 Nb8 48. Kc2 Nd6 49. Rc3 Kd7 50. Rg3 Nf5 51. Rd3+ Nd6 52. Kb3 1-0

[Event "CAN-ch U20"]
[Site "Calgary"]
[Date "2004.01.02"]
[Round "1"]
[White "Kazmaier, Daniel"]
[Black "Hutchison, Jason"]
[Result "1-0"]
[WhiteElo "1966"]
[BlackElo "1368"]
[PlyCount "63"]
[EventDate "2004.01.??"]
[EventType "swiss"]
[EventRounds "9"]
[EventCountry "CAN"]
[SourceTitle "EXT 2005"]
[Source "ChessBase"]
[SourceDate "2004.11.15"]
[SourceVersion "1"]
[SourceVersionDate "2004.11.15"]
[SourceQuality "1"]

1. e4 e6 2. d4 d5 3. Nc3 Bb4 4. e5 c5 5. a3 Bxc3+ 6. bxc3 c4 7. f4 Nc6 8. Nf3 f6 9. g3 Qa5 10. Bd2 Bd7 11. Bh3 h6 12. 0-0 Qd8 13. Nh4 g5 14. Qh5+ Kf8 15. Ng6+ Kg7 16. fxg5 fxg5 17. Nxh8 Kxh8 18. Rf7 Be8 19. Raf1 Bxf7 20. Rxf7 Qe8 21. Qg6 Qxf7 22. Qxf7 Nd8 23. Qg6 b5 24. Bxe6 Nxe6 25. Qxe6 Rd8 26. h4 gxh4 27. Bxh6 hxg3 28. Qg6 Rd7 29. e6 Re7 30. Qf5 Rxe6 31. Qxe6 Nxh6 32. Qxh6+ 1-0